| 000 | 01269nam a2200313 4500 | ||
|---|---|---|---|
| 003 | EG-GICUC | ||
| 005 | 20260121101219.0 | ||
| 008 | 251113s2004 ua ||||fr|||| 00| 0 ara d | ||
| 040 |
_a EG-GICUC _bara _c EG-GICUC _d EG-GICUC _erda |
||
| 041 | 0 | _aara | |
| 082 | 0 | 4 |
_221 _a341.83 _bص ل . م |
| 092 | 0 | 4 | _221 |
| 099 | _aLaw1 12 341.83 ص ل . م 2004 | ||
| 100 | 0 |
_aصلاح الدين جمال الدين _eمؤلف. |
|
| 245 | 1 | 0 |
_aمشكلات حضانة الأطفال فى زواج الأجانب : _bدراسة مقارنة / _cصلاح الدين جمال الدين. |
| 264 |
_aالاسكندريه : _bدار الفكر الجامعى، _c2004. |
||
| 300 |
_a166 ؛ صفحة _c24 سم. |
||
| 336 |
_2rda content _atext |
||
| 337 |
_2rda media _aComputer |
||
| 338 |
_2rda carrier _aOnline Resource |
||
| 504 | _aيحتوي على ارجاعات ببليوجرافية يحتوي على قائمة بالمراجع | ||
| 546 | _aالنص أغلبه باللغة العربية مع بعض النصوص الفرنسية | ||
| 650 | 1 |
_aالأجانب _x قانون دولي |
|
| 650 | 1 | _aحضانة الاطفال | |
| 651 | 1 | _2qrmak | |
| 856 | 4 | 0 | _uhttps://fll.law.cu.edu.eg/fulltext/bks/B12-01293.pdf |
| 905 |
_a75 _eYara |
||
| 942 |
_2ddc _n0 _cBK _e21 |
||
| 999 |
_c43105 _d43105 |
||